[Event "tht Extraliga 16/17,Rapid Pardubice-Tatran Litovel"]
[Site "Pardubice"]
[Date "2016.10.08"]
[Round "1.8"]
[White "Krejci, Jan"]
[Black "Pulpan, Jakub"]
[WhiteElo "2147"]
[BlackElo "2382"]
[Result "0-1"]

1. Nf3  Nf6  2. c4  e6
3. g3  a6  4. Bg2
b5  5. b3  c5
6. O-O  Bb7  7. Bb2  Be7
8. Qc2  d6  9. Re1
Nbd7  10. e3  O-O
11. Nc3  Qb6  12. a4
b4  13. Ne2  Rac8
14. d3  Rfe8  15. Rad1
Qa7  16. Nd2  Bxg2
17. Kxg2  Qb7+  18. Kg1
Ne5  19. e4  Nc6
20. d4  cxd4  21. Nxd4
Ne5  22. N4f3  Nxf3+
23. Nxf3  e5  24. Bc1
Nd7  25. Kg2  Nc5
26. Rd5  Ne6  27. Qe2
Rf8  28. Nd2  f5
29. f3  f4  30. Rf1
Rf6  31. g4  h5
32. h3  Rh6  33. Rh1  Kf7
34. Nb1  Rch8  35. Rdd1
Nc5  36. Nd2  Qc8
37. Rdg1  R8h7  38. Qd1
Qh8  39. Qf1  hxg4
40. fxg4  Rxh3  41. Rxh3
Rxh3  0-1

[Event "tht Extraliga 16/17,Lysa nad Labem A-SK Slavoj Poruba"]
[Site "Ostrava-Poruba"]
[Date "2016.10.09"]
[Round "2.1"]
[White "Najer, Evgeniy"]
[Black "Markowski, Tomasz"]
[WhiteElo "2677"]
[BlackElo "2566"]
[Result "1-0"]
[PlyCount "75"]

1. e4 e6 2. d4 d5 3. Nc3 Bb4 4. e5 c5 5. a3 Bxc3+ 6. bxc3 Qa5 7. Bd2 Qa4 8. Qg4
Kf8 9. Qd1 Ne7 10. Nf3 c4 11. h4 Nbc6 12. h5 h6 13. Nh4 Bd7 14. Ra2 Ke8 15. Rh3
Kd8 16. Rf3 Be8 17. Rf4 Kc7 18. Qf3 g5 19. hxg6 fxg6 20. Rf8 Bd7 21. Rxa8 Rxa8
22. Bxh6 Rh8 23. Bg5 Rh5 24. Bxe7 Nxe7 25. g3 Qb5 26. Qd1 g5 27. Nf3 Ng6 28.
Bg2 Qa5 29. Qd2 g4 30. Ng1 Qb6 31. Qc1 Nxe5 32. Rb2 Qa5 33. dxe5 Qxc3+ 34. Kf1
b6 35. Ra2 Rf5 36. Ne2 Qxe5 37. c3 Qh8 38. Nf4 1-0

[Event "tht Extraliga 16/17,Lysa nad Labem A-SK Slavoj Poruba"]
[Site "Ostrava-Poruba"]
[Date "2016.10.09"]
[Round "2.2"]
[White "Jakubowski, Krzysztof"]
[Black "Yemelin, Vasily"]
[WhiteElo "2520"]
[BlackElo "2558"]
[Result "1/2-1/2"]
[PlyCount "49"]

1. e4 e5 2. Nf3 Nc6 3. Bb5 Nf6 4. O-O Nxe4 5. d4 Nd6 6. Bxc6 dxc6 7. dxe5 Nf5
8. Qxd8+ Kxd8 9. Nc3 h6 10. h3 Bd7 11. b3 Kc8 12. Bb2 b6 13. Rad1 Ne7 14. Rd2
c5 15. Rfd1 Be6 16. Rd8+ Kb7 17. Rxa8 Kxa8 18. Ne2 g5 19. h4 g4 20. Ne1 Nc6 21.
Nf4 Bc8 22. Nd5 Bg7 23. f4 gxf3 24. Nxf3 Kb7 25. Nf6 1/2-1/2

[Event "tht Extraliga 16/17,Lysa nad Labem A-SK Slavoj Poruba"]
[Site "Ostrava-Poruba"]
[Date "2016.10.09"]
[Round "2.3"]
[White "Stocek, Jiri"]
[Black "Cvek, Robert"]
[WhiteElo "2556"]
[BlackElo "2525"]
[Result "1/2-1/2"]
[PlyCount "80"]

1. d4 d5 2. Bf4 e6 3. e3 Bd6 4. Bg3 Ne7 5. c4 c5 6. dxc5 Bxc5 7. Nc3 O-O 8. Nf3
Nbc6 9. a3 dxc4 10. Bxc4 Nf5 11. Qc2 Be7 12. Rd1 Qa5 13. Bf4 e5 14. Bg3 Nxg3
15. hxg3 g6 16. O-O Bf5 17. Qb3 e4 18. Nd2 Qe5 19. Qxb7 Rac8 20. Bd5 Rc7 21.
Qb5 Rb8 22. Nc4 Qg7 23. Qa4 Bd7 24. Bxf7+ Qxf7 25. Rxd7 Rxd7 26. Qxc6 Rdd8 27.
Qxe4 Bf6 28. Na4 Qd5 29. Qc2 Rbc8 30. Rc1 Qd3 31. b4 Qxc2 32. Rxc2 Rd1+ 33. Kh2
Be7 34. Nab2 Rd7 35. e4 Bf6 36. Re2 Bxb2 37. Nxb2 Rc3 38. a4 Rd4 39. b5 Ra3 40.
e5 Ra2 1/2-1/2

[Event "tht Extraliga 16/17,Lysa nad Labem A-SK Slavoj Poruba"]
[Site "Ostrava-Poruba"]
[Date "2016.10.09"]
[Round "2.4"]
[White "Kanovsky, David"]
[Black "Plat, Vojtech"]
[WhiteElo "2419"]
[BlackElo "2532"]
[Result "0-1"]
[PlyCount "74"]

1. e4 c5 2. Nf3 Nc6 3. Bb5 g6 4. O-O Bg7 5. c3 Nf6 6. Re1 O-O 7. h3 e5 8. d3 d6
9. a3 a6 10. Bxc6 bxc6 11. Nbd2 a5 12. a4 Ba6 13. Nc4 Nxe4 14. Rxe4 d5 15. Rxe5
dxc4 16. Rxc5 cxd3 17. Be3 Qb6 18. Rb1 Rfe8 19. b4 axb4 20. cxb4 Qd8 21. Rb3
Bf8 22. Rxc6 Bb7 23. Rc1 Be4 24. Nd2 Bf5 25. Nf1 Qd5 26. Ng3 Rxe3 27. fxe3 d2
28. Rcc3 Rxa4 29. Nxf5 Ra1 30. Qxa1 d1=Q+ 31. Qxd1 Qxd1+ 32. Kf2 gxf5 33. b5
Bb4 34. Rd3 Qe1+ 35. Kf3 Qf1+ 36. Kg3 Be1+ 37. Kh2 Bf2 0-1

[Event "tht Extraliga 16/17,Lysa nad Labem A-SK Slavoj Poruba"]
[Site "Ostrava-Poruba"]
[Date "2016.10.09"]
[Round "2.5"]
[White "Krejci, Jan"]
[Black "Murdzia, Piotr"]
[WhiteElo "2490"]
[BlackElo "2422"]
[Result "1/2-1/2"]
[PlyCount "64"]

1. d4 Nf6 2. c4 g6 3. Nc3 d5 4. cxd5 Nxd5 5. Bd2 Bg7 6. e4 Nxc3 7. Bxc3 c5 8.
d5 Bxc3+ 9. bxc3 O-O 10. Bc4 e6 11. Nf3 exd5 12. Bxd5 Nc6 13. O-O Qf6 14. Qb3
Bg4 15. Nd2 Rab8 16. Nc4 Be6 17. Ne3 Ne7 18. Rad1 Nxd5 19. Nxd5 Bxd5 20. Rxd5
Rfe8 21. f3 b5 22. Qa3 c4 23. Rb1 a6 24. Rbd1 Rbd8 25. Qa5 Rxd5 26. Rxd5 Kg7
27. h3 h5 28. a4 Rb8 29. Qc7 Qb6+ 30. Qxb6 Rxb6 31. axb5 axb5 32. Kf2 b4
1/2-1/2

[Event "tht Extraliga 16/17,Lysa nad Labem A-SK Slavoj Poruba"]
[Site "Ostrava-Poruba"]
[Date "2016.10.09"]
[Round "2.6"]
[White "Malinovsky, Karel"]
[Black "Jansa, Vlastimil"]
[WhiteElo "2448"]
[BlackElo "2409"]
[Result "1/2-1/2"]
[PlyCount "82"]

1. e4 c5 2. Nf3 e6 3. d4 cxd4 4. Nxd4 Nc6 5. Nc3 d6 6. Be2 Nf6 7. Be3 Be7 8.
O-O O-O 9. f4 a6 10. Qe1 Nxd4 11. Bxd4 b5 12. a3 Bb7 13. Qg3 g6 14. Bd3 Rc8 15.
Kh1 a5 16. Qe3 b4 17. axb4 axb4 18. Ne2 Nd7 19. b3 Nc5 20. Ra7 Qb6 21. Rfa1 Ra8
22. Rxa8 Rxa8 23. Rxa8+ Bxa8 24. Bxc5 dxc5 25. Ng3 Qc6 26. Qe2 f5 27. Bc4 Kf8
28. e5 h5 29. Nf1 h4 30. h3 Kf7 31. Nd2 Qd7 32. Nf3 Qa7 33. Qd1 Be4 34. Kh2 Qc7
35. Ne1 Bf8 36. Nf3 Be7 37. g3 Qd8 38. Qxd8 Bxd8 39. Ne1 Be7 40. Nd3 hxg3+ 41.
Kxg3 Bf8 1/2-1/2

[Event "tht Extraliga 16/17,Lysa nad Labem A-SK Slavoj Poruba"]
[Site "Ostrava-Poruba"]
[Date "2016.10.09"]
[Round "2.7"]
[White "Rogozenco, Dorian"]
[Black "Caletka, Radomir"]
[WhiteElo "2483"]
[BlackElo "2382"]
[Result "1/2-1/2"]
[PlyCount "70"]

1. d4 d5 2. c4 e6 3. Nc3 c6 4. Nf3 dxc4 5. a4 Bb4 6. g3 Nf6 7. Bg2 O-O 8. O-O
Nbd7 9. Qc2 Qe7 10. Bg5 e5 11. dxe5 Nxe5 12. Ne4 Ned7 13. Nxf6+ Nxf6 14. a5 h6
15. Bxf6 Qxf6 16. Qxc4 c5 17. a6 Be6 18. Qf4 Qxf4 19. gxf4 bxa6 20. Ne5 Rad8
21. Rxa6 Rd2 22. e3 Rxb2 23. Rxa7 Rd8 24. f5 Bb3 25. Rb7 Bc3 26. Nc6 Rd1 27.
Rb8+ Kh7 28. Rxd1 Bxd1 29. Rxb2 Bxb2 30. Bd5 Kg8 31. Kf1 Kf8 32. e4 Ba4 33. Na5
Bc3 34. Nc4 Bb5 35. Ke2 Ke7 1/2-1/2

[Event "tht Extraliga 16/17,Lysa nad Labem A-SK Slavoj Poruba"]
[Site "Ostrava-Poruba"]
[Date "2016.10.09"]
[Round "2.8"]
[White "Klima, Lukas"]
[Black "Meduna, Eduard"]
[WhiteElo "2340"]
[BlackElo "2382"]
[Result "1/2-1/2"]
[PlyCount "33"]

1. e4 c6 2. Nc3 d5 3. Nf3 Bg4 4. h3 Bxf3 5. Qxf3 e6 6. a3 Nf6 7. d3 Nbd7 8. g3
Bc5 9. Bg2 O-O 10. O-O a5 11. Qe2 dxe4 12. dxe4 e5 13. Nd1 Re8 14. Ne3 Nf8 15.
a4 Ne6 16. c3 Qc7 17. Nc4 1/2-1/2

[Event "tht Extraliga 16/17,Lysa nad Labem B-Labortech Ostrava"]
[Site "Ostrava"]
[Date "2016.10.09"]
[Round "2.1"]
[White "Vorobiov, Evgeny"]
[Black "Kovalev, Andrei"]
[WhiteElo "2581"]
[BlackElo "2506"]
[Result "1-0"]

1. d4  Nf6  2. c4  g6
3. Nc3  Bg7  4. e4
d6  5. Nf3  O-O
6. Be2  e5  7. O-O  Nbd7
8. Be3  Qe7  9. Qc2
c6  10. Rad1  exd4
11. Nxd4  Re8  12. f3
a6  13. Bg5  Ne5
14. Qd2  Qc7  15. Kh1
b5  16. cxb5  axb5
17. Nc2  Be6  18. Qxd6
Qxd6  19. Rxd6  b4
20. Nxb4  Bf8  21. Rdd1
Bxb4  22. Bxf6  Bxc3
23. bxc3  Rxa2  24. Bxe5
Rxe2  25. Bf6  h6
26. h4  Kh7  27. Rd6
g5  28. hxg5  hxg5
29. Bxg5  Bc4  30. Rfd1
Bb3  31. R1d2  Re1+
32. Kh2  Re5  33. Rh6+
Kg7  34. Bf6+  Kxh6
35. Bxe5  Rd1  36. Rb2
Be6  37. Kg3  Rd8
38. Kf4  Kg6  39. g4
f6  40. Bd4  Rc8
41. Rb6  Kf7  42. Bc5
Rc7  43. Kg3  Bc4
44. Bd6  Rc8  45. Rb7+
Kg8  46. Be7  Kf7
47. Bc5+  Kg8  48. Bd4
1-0

[Event "tht Extraliga 16/17,Lysa nad Labem B-Labortech Ostrava"]
[Site "Ostrava"]
[Date "2016.10.09"]
[Round "2.2"]
[White "Stohl, Igor"]
[Black "Nguyen, Thai"]
[WhiteElo "2495"]
[BlackElo "2442"]
[Result "1/2-1/2"]

1. Nf3  c5  2. c4  Nc6
3. d4  cxd4  4. Nxd4
Nf6  5. Nc3  e6
6. Ndb5  d5  7. Bf4  e5
8. cxd5  exf4  9. dxc6
bxc6  10. Qxd8+  Kxd8
11. Rd1+  Bd7  12. Nd6
Bxd6  13. Rxd6  Rb8
14. Rd2  Ke7  15. g3
fxg3  16. hxg3  Rb4
17. Bg2  h5  18. b3
Be6  19. Na4  Bd5
20. Bxd5  1/2-1/2

[Event "tht Extraliga 16/17,Lysa nad Labem B-Labortech Ostrava"]
[Site "Ostrava"]
[Date "2016.10.09"]
[Round "2.3"]
[White "Suran, Jan"]
[Black "Rasik, Vitezslav"]
[WhiteElo "2421"]
[BlackElo "2445"]
[Result "1/2-1/2"]

1. e4  d6  2. d4  g6
3. Nc3  Bg7  4. Be3
Nf6  5. Qd2  O-O
6. Nf3  e5  7. dxe5
dxe5  8. Qxd8  Rxd8
9. Bc4  Nc6  10. O-O
h6  11. h3 a6  12. Rad1
Ne8  13. Rxd8  Nxd8
14. Rd1  Be6  15. Bxe6
Nxe6  1/2-1/2

[Event "tht Extraliga 16/17,Lysa nad Labem B-Labortech Ostrava"]
[Site "Ostrava"]
[Date "2016.10.09"]
[Round "2.4"]
[White "Kociscak, Jiri"]
[Black "Londyn, Radek"]
[WhiteElo "2471"]
[BlackElo "2422"]
[Result "1-0"]

1. d4  Nf6  2. c4  e6
3. g3  d5  4. Nf3
Bb4+  5. Bd2  Bd6
6. Bg2  c6  7. O-O
Nbd7  8. Qc1  O-O
9. Bf4  Bxf4  10. Qxf4
b6  11. Nbd2  Bb7
12. cxd5  Nxd5  13. Qd6
Qb8  14. Qa3  c5
15. Rac1  a5  16. Nc4
Rc8  17. Rfd1  Ba6
18. e4  Nb4  19. d5
exd5  20. exd5  Rd8
21. d6  Bb7  22. Ne3
Be4  23. Qb3  b5
24. Ng5  c4  25. Nxc4
Nc5  26. Qe3  Bxg2
27. Qxc5  bxc4  28. Qf5
Rxd6  29. Qxf7+  Kh8
30. Qf5  1-0

[Event "tht Extraliga 16/17,Lysa nad Labem B-Labortech Ostrava"]
[Site "Ostrava"]
[Date "2016.10.09"]
[Round "2.5"]
[White "Cerveny, Martin"]
[Black "Velicka, Petr"]
[WhiteElo "2399"]
[BlackElo "2435"]
[Result "1/2-1/2"]

1. d4  d5  2. c4  c6
3. Nc3  Nf6  4. e3
a6  5. Qc2  b5
6. b3  Bg4  7. Nge2  Qc8
8. Ng3  h5  9. h3
Be6  10. cxd5  cxd5
11. Bd3  Nc6  12. a3
g6  13. Bd2  Bg7
14. Rc1  O-O  15. Na2
Bd7  16. Nb4  Nxb4
17. Bxb4  Qxc2  18. Rxc2
Rfe8  19. Ba5  Rec8
20. Kd2  Rxc2+  21. Bxc2
Rc8  22. Rc1  Kf8
23. f3  Ke8  24. Ne2
Bf8  25. Nf4  Bf5
26. Bxf5  Rxc1  27. Kxc1
gxf5  28. Nd3  Nd7
29. Kc2  e6  30. Bc7
Be7  31. Kc3  Nf8
32. g3  Ng6  33. Ba5
Bd6  34. f4  h4
35. gxh4  Nxh4  36. Nb4  Ng2
37. Kd3  Ne1+  38. Ke2
Bxb4  39. Bxb4  Nc2
40. Bc3  Nxa3  41. Kd3
b4  42. Bxb4  Nb5
43. Kc2  f6  44. Ba5
Kf7  45. Be1  Kg6
46. Bh4  Kf7  47. Bf2
Nd6  48. Kb2  Nb5
49. Kc2  1/2-1/2

[Event "tht Extraliga 16/17,Lysa nad Labem B-Labortech Ostrava"]
[Site "Ostrava"]
[Date "2016.10.09"]
[Round "2.6"]
[White "Biolek, Richard"]
[Black "Worek, Joanna"]
[WhiteElo "2457"]
[BlackElo "2349"]
[Result "1-0"]

1. Nf3  Nf6  2. c4  e6
3. g3  c5  4. Bg2
Nc6  5. O-O  b6
6. d4  d5  7. cxd5  exd5
8. Nc3  Be7  9. Bg5
Be6  10. Qa4  Qd7
11. Rad1  h6  12. Bxf6
Bxf6  13. dxc5  Bxc3
14. bxc3  bxc5  15. e4
d4  16. cxd4  Nxd4
17. Qxd7+  Bxd7  18. Nxd4
cxd4  19. Rxd4  Ke7
20. Rc1  Rac8  21. Rxd7+
1-0

[Event "tht Extraliga 16/17,Lysa nad Labem B-Labortech Ostrava"]
[Site "Ostrava"]
[Date "2016.10.09"]
[Round "2.7"]
[White "Spacek, Petr"]
[Black "Talla, Vladimir"]
[WhiteElo "2371"]
[BlackElo "2437"]
[Result "1/2-1/2"]

1. d4  d5  2. c4  c6
3. cxd5  cxd5  4. Bf4
Qb6  5. Nc3 Nf6  6. e3
Qxb2  7. Bb5+  Nc6 8. Nge2
e6  9. O-O  Qa3
10. Rb1 Qa5  11. Ba4  1/2-1/2

[Event "tht Extraliga 16/17,Lysa nad Labem B-Labortech Ostrava"]
[Site "Ostrava"]
[Date "2016.10.09"]
[Round "2.8"]
[White "Michenka, Jozef"]
[Black "Petenyi, Tamas"]
[WhiteElo "2347"]
[BlackElo "2437"]
[Result "0-1"]

1. d4  g6  2. c4  Bg7
3. e4  d6  4. Nc3
Nf6  5. Be2  a6
6. Bg5  O-O  7. Qd2  c6
8. a4  d5  9. cxd5
cxd5  10. Bxf6  Bxf6
11. exd5  e6  12. Nf3
exd5  13. Ne5  Nc6
14. f4  Be6  15. Bf3
Qb6  16. Rd1  Rad8
17. Qf2  Bg7  18. Nxc6
bxc6  19. O-O  Rb8
20. Rd2  Qa7  21. Ra1
Rxb2  22. Rad1  Rxd2
23. Qxd2  Rb8  24. Kh1
Qb6  25. h3  Qb2
26. Qe1  Rb3  27. Ne2
Bxh3  28. Ng1  Be6
29. Qa5  Bxd4  30. Qxa6
Qf2  31. Qxc6  Qh4+
0-1

[Event "tht Extraliga 16/17,Novy Bor-Duras Brno"]
[Site "Brno"]
[Date "2016.10.09"]
[Round "2.1"]
[White "Pentala, Harikrishna"]
[Black "Shengelia, David"]
[WhiteElo "2762"]
[BlackElo "2557"]
[Result "1-0"]
[PlyCount "147"]

1. e4 c6 2. d4 d5 3. e5 Bf5 4. Nf3 e6 5. Be2 Ne7 6. O-O h6 7. Nbd2 Nd7 8. Nb3
g5 9. a4 Qc7 10. Bd2 Rg8 11. Ba5 Qb8 12. c4 dxc4 13. Bxc4 Nd5 14. Nfd2 Be7 15.
Re1 Kf8 16. Nf1 Kg7 17. Ne3 Bg6 18. Nxd5 cxd5 19. Bd3 b6 20. Bc3 Qc7 21. Nc1 a5
22. Ne2 Bxd3 23. Qxd3 Nf8 24. Ng3 Ng6 25. Nh5+ Kh8 26. Rec1 Qd7 27. Qf3 Nh4 28.
Qxf7 Raf8 29. Nf6 Rxf7 30. Nxd7 Bd8 31. Nb8 g4 32. Bd2 Nxg2 33. Kxg2 Bh4 34.
Be3 Rxb8 35. Rc6 Bg5 36. Bxg5 hxg5 37. Rd1 b5 38. Rxe6 bxa4 39. Rd2 Rfb7 40.
Rd6 Rxb2 41. Rxb2 Rxb2 42. Rxd5 Rd2 43. Kg3 a3 44. Rxa5 Rxd4 45. Rxa3 Kg7 46.
Re3 Kf7 47. e6+ Ke7 48. Re5 Ra4 49. Rxg5 Kxe6 50. Rxg4 Ra3+ 51. f3 Kf6 52. h4
Ra5 53. Rb4 Kg6 54. Kg4 Rc5 55. h5+ Kg7 56. f4 Ra5 57. Rb7+ Kh6 58. Rb6+ Kg7
59. Rg6+ Kh7 60. Re6 Kg7 61. h6+ Kh7 62. f5 Ra7 63. Kg5 Rb7 64. Re5 Rb1 65.
Re7+ Kg8 66. f6 Rg1+ 67. Kf5 Rf1+ 68. Ke6 Re1+ 69. Kd7 Rf1 70. Re8+ Kh7 71. Re6
Kxh6 72. Ke8 Rf2 73. f7+ Kg7 74. Re1 1-0

[Event "tht Extraliga 16/17,Novy Bor-Duras Brno"]
[Site "Brno"]
[Date "2016.10.09"]
[Round "2.2"]
[White "Ponizil, Cyril"]
[Black "Navara, David"]
[WhiteElo "2497"]
[BlackElo "2737"]
[Result "1-0"]
[PlyCount "71"]

1. e4 c5 2. Nf3 e6 3. d4 cxd4 4. Nxd4 Nc6 5. Nc3 a6 6. Nxc6 bxc6 7. Bd3 Qc7 8.
O-O Nf6 9. Qe2 d5 10. b3 Bb7 11. Bb2 Bd6 12. h3 Be7 13. Rfe1 O-O 14. Na4 Rfd8
15. c4 dxe4 16. Bxe4 Nxe4 17. Qxe4 c5 18. Qg4 g6 19. Be5 Qc6 20. f3 Rd2 21. Nc3
Rad8 22. Qf4 g5 23. Qg4 Rc2 24. Rad1 f6 25. Ne4 f5 26. Rxd8+ Bxd8 27. Qh5 fxe4
28. Rd1 Rc1 29. Rxc1 exf3 30. Rc2 Qd7 31. Rd2 Qe7 32. gxf3 Ba5 33. Rg2 Bd8 34.
h4 Qf8 35. Rg3 Bc6 36. Rxg5+ 1-0

[Event "tht Extraliga 16/17,Novy Bor-Duras Brno"]
[Site "Brno"]
[Date "2016.10.09"]
[Round "2.3"]
[White "Vitiugov, Nikita"]
[Black "Polak, Tomas"]
[WhiteElo "2721"]
[BlackElo "2505"]
[Result "1-0"]
[PlyCount "77"]

1. e4 c6 2. d4 d5 3. e5 Bf5 4. Nf3 e6 5. Be2 Nd7 6. O-O Bg6 7. Nbd2 Nh6 8. Nb3
Nf5 9. Bd2 Be7 10. Ba5 Qb8 11. c4 dxc4 12. Bxc4 Nb6 13. Bd3 Nd5 14. Re1 Bh5 15.
g3 O-O 16. h3 Bg6 17. Qe2 Bd8 18. Bd2 Bb6 19. Rac1 a5 20. a4 Qa7 21. Rc4 Rfd8
22. g4 Nfe7 23. h4 h6 24. h5 Bxd3 25. Qxd3 Qa6 26. Nh4 c5 27. g5 Nb4 28. Qe2
cxd4 29. gxh6 gxh6 30. Kh2 Kf8 31. Bxh6+ Ke8 32. Bg5 d3 33. Qe4 Bxf2 34. Rf1
Bxh4 35. Bxh4 Nf5 36. Rg1 Rdc8 37. Nc5 Rxc5 38. Rxc5 d2 39. Rc7 1-0

[Event "tht Extraliga 16/17,Novy Bor-Duras Brno"]
[Site "Brno"]
[Date "2016.10.09"]
[Round "2.4"]
[White "Blahynka, Martin"]
[Black "Laznicka, Viktor"]
[WhiteElo "2424"]
[BlackElo "2651"]
[Result "0-1"]
[PlyCount "108"]

1. e4 c5 2. Nf3 Nc6 3. d4 cxd4 4. Nxd4 Qc7 5. Nc3 e6 6. Be3 a6 7. Be2 Nf6 8.
O-O Be7 9. f4 d6 10. Bf3 O-O 11. Qe2 Nxd4 12. Bxd4 e5 13. Be3 Be6 14. Rfd1 b5
15. a3 exf4 16. Bxf4 Rac8 17. e5 dxe5 18. Bxe5 Qb6+ 19. Bd4 Bc5 20. Qe5 a5 21.
Bxc5 Rxc5 22. Qd4 Qc7 23. Ne4 Nxe4 24. Bxe4 Rc4 25. Qd3 g6 26. c3 b4 27. cxb4
axb4 28. a4 Qe5 29. Bf3 Qxb2 30. a5 Qe5 31. a6 Qc5+ 32. Kh1 Qa7 33. Bb7 Rb8 34.
Qd6 b3 35. Rab1 Rc2 36. Qe5 Ra2 37. h3 Rf8 38. Rd6 Bc4 39. Bd5 Qf2 40. Qe4 Qc2
41. Bb7 Bxa6 42. Rdd1 Qxe4 43. Bxe4 Bc4 44. Bd5 Bxd5 45. Rxd5 Rb8 46. Rd3 b2
47. Rdd1 Ra3 48. Kh2 h5 49. Rd2 Rab3 50. h4 R8b4 51. g3 Kg7 52. Re2 f5 53. Rf2
Kf6 54. Re2 f4 0-1

[Event "tht Extraliga 16/17,Novy Bor-Duras Brno"]
[Site "Brno"]
[Date "2016.10.09"]
[Round "2.5"]
[White "Markos, Jan"]
[Black "Roubalik, Jakub"]
[WhiteElo "2572"]
[BlackElo "2400"]
[Result "0-1"]
[PlyCount "131"]

1. d4 d5 2. c4 c6 3. Nf3 Nf6 4. Qb3 e6 5. g3 Be7 6. Bg2 O-O 7. O-O b5 8. c5 a5
9. Bg5 Nbd7 10. Nbd2 h6 11. Bxf6 Nxf6 12. Ne5 Qc7 13. f4 b4 14. e4 Ba6 15. Rfe1
dxe4 16. Nxe4 Nd5 17. Rad1 a4 18. Qf3 f5 19. Nf2 Bf6 20. Rd2 Rad8 21. h4 Rfe8
22. h5 Bb5 23. Nh3 Ra8 24. g4 fxg4 25. Qxg4 a3 26. b3 Nc3 27. Nf2 Rad8 28. Ne4
Bxe5 29. fxe5 Nxe4 30. Bxe4 Qe7 31. Bg6 Rf8 32. Rg2 Kh8 33. Bc2 Qf7 34. Qe4 Qg8
35. Kh1 Rf5 36. Qh4 Rf3 37. Reg1 Rdf8 38. Rg3 Rxg3 39. Qxg3 Qf7 40. Bd1 Rd8 41.
Qh4 Rd7 42. Qe4 Rd8 43. Qh4 Rf8 44. Qg3 Qe7 45. Bg4 Rd8 46. Bxe6 Rxd4 47. Bg4
Bd3 48. Rd1 Be4+ 49. Kh2 Rxd1 50. Bxd1 Qxc5 51. Qf4 Bd5 52. Qf5 Qd4 53. Bc2
Qh4+ 54. Kg1 Qg3+ 55. Kf1 Qf3+ 56. Qxf3 Bxf3 57. Kf2 Bxh5 58. Ke3 c5 59. Bf5
Be8 60. Be6 g5 61. Ke4 Kg7 62. Kd5 Bf7 63. Kd6 Bg6 64. Kxc5 h5 65. Kd6 g4 66.
Bd7 {Kf6} 0-1

[Event "tht Extraliga 16/17,Novy Bor-Duras Brno"]
[Site "Brno"]
[Date "2016.10.09"]
[Round "2.6"]
[White "Vyskocil, Neklan"]
[Black "Babula, Vlastimil"]
[WhiteElo "2332"]
[BlackElo "2545"]
[Result "0-1"]
[PlyCount "114"]

1. d4 Nf6 2. c4 e6 3. Nf3 b6 4. g3 Ba6 5. b3 Bb7 6. Bg2 Bb4+ 7. Bd2 a5 8. a3
Be7 9. Nc3 d5 10. Ne5 O-O 11. O-O Na6 12. Qc2 c5 13. dxc5 Nxc5 14. cxd5 exd5
15. Rfd1 Rc8 16. Bh3 d4 17. Be3 Nxb3 18. Qxb3 Rxc3 19. Qxc3 Qd5 20. f3 dxc3 21.
Rxd5 Nxd5 22. Bd4 Rd8 23. e3 b5 24. Bf1 c2 25. Rc1 Rc8 26. Bd3 f6 27. Nd7 Rc7
28. Nb6 Bxa3 29. Rxc2 Rxc2 30. Bxc2 Nxb6 31. Bxb6 a4 32. Bd3 Bxf3 33. Bxb5 Bd1
34. Bd4 Bb3 35. Kf2 Bd6 36. Ke2 a3 37. Kd2 Be5 38. Kc3 Bd5 39. Bxe5 fxe5 40.
Ba4 Kf7 41. Bc2 e4 42. Bd1 h6 43. Bg4 Ke7 44. Bf5 Kd6 45. Bh3 Kc5 46. Bf1 a2
47. Kb2 Kb4 48. Ba6 g5 49. h4 a1=Q+ 50. Kxa1 Kc3 51. hxg5 hxg5 52. Bc8 Kd2 53.
Kb2 Kxe3 54. Kc3 Kf2 55. Kd4 e3 56. Ba6 Bb7 57. Bd3 g4 0-1

[Event "tht Extraliga 16/17,Novy Bor-Duras Brno"]
[Site "Brno"]
[Date "2016.10.09"]
[Round "2.7"]
[White "Zilka, Stepan"]
[Black "Vymazal, Bronislav"]
[WhiteElo "2524"]
[BlackElo "2331"]
[Result "1-0"]
[PlyCount "99"]

1. e4 c5 2. Nf3 Nc6 3. d4 cxd4 4. Nxd4 e5 5. Nb5 d6 6. c4 Be6 7. N1c3 a6 8. Na3
Nf6 9. Nc2 Be7 10. Bd3 O-O 11. O-O Nd7 12. Nd5 Bg5 13. Re1 Rc8 14. b4 Bxc1 15.
Rxc1 Kh8 16. Qd2 a5 17. a3 axb4 18. axb4 Bxd5 19. exd5 Ne7 20. Na3 f5 21. Nb5
Rf6 22. Bf1 Ng6 23. Rc3 e4 24. Qd4 b6 25. Ra1 Nge5 26. Na7 Ra8 27. Rh3 Rf8 28.
Nc6 Qf6 29. Rha3 Rac8 30. Nxe5 Qxe5 31. Qxe5 Nxe5 32. Ra6 Nxc4 33. b5 h6 34.
Rc1 Nd2 35. Rc6 f4 36. Raxb6 e3 37. Rxc8 Rxc8 38. Rc6 Ra8 39. Ra6 Re8 40. fxe3
fxe3 41. Be2 Ne4 42. Kf1 Kg8 43. Bh5 Rb8 44. Bg6 Nc3 45. b6 Kf8 46. Ra7 Nxd5
47. Rf7+ Kg8 48. b7 Nb6 49. Re7 Kf8 50. Re8+ 1-0

[Event "tht Extraliga 16/17,Novy Bor-Duras Brno"]
[Site "Brno"]
[Date "2016.10.09"]
[Round "2.8"]
[White "Nepomucky, Ondrej"]
[Black "Kriebel, Tadeas"]
[WhiteElo "2215"]
[BlackElo "2445"]
[Result "0-1"]
[PlyCount "109"]

1. Nf3 Nf6 2. g3 g6 3. c4 d5 4. cxd5 Nxd5 5. Nc3 Nb6 6. Bg2 Bg7 7. O-O Nc6 8.
d3 O-O 9. Be3 e5 10. Rc1 Nd4 11. Bxd4 exd4 12. Ne4 c6 13. Qd2 Nd5 14. Rfe1 Re8
15. Qc2 f5 16. Ned2 Be6 17. a3 Bf7 18. Qc5 Nb6 19. Kf1 a5 20. Red1 Bf6 21. Re1
Kg7 22. Red1 Nd7 23. Qc2 a4 24. Re1 Ra6 25. Kg1 c5 26. Kf1 b5 27. Kg1 Re7 28.
Kf1 Qe8 29. h4 Bd5 30. Ng1 Bxg2+ 31. Kxg2 Qa8+ 32. Ndf3 h6 33. Kf1 g5 34. hxg5
hxg5 35. Qd2 g4 36. Nh4 Bxh4 37. gxh4 Rg6 38. h5 g3 39. Nf3 g2+ 40. Kg1 Qh8 41.
Qf4 Qxh5 42. Qh4 Kh6 43. Qf4+ Kh7 44. Qh4 Qxh4 45. Nxh4 Rg5 46. f4 Rg4 47. Nxf5
Rf7 48. e4 Rxf4 49. Kxg2 Rg4+ 50. Kf2 Ne5 51. Rh1+ Kg6 52. Rxc5 Nxd3+ 53. Kf3
Rf4+ 54. Kg3 Rxe4 55. Rh6+ 0-1

[Event "tht Extraliga 16/17,Unichess-Lokomotiva Brno"]
[Site "Brno"]
[Date "2016.10.09"]
[Round "2.1"]
[White "Michalik, Peter"]
[Black "Biolek, Richard"]
[WhiteElo "2554"]
[BlackElo "2440"]
[Result "1/2-1/2"]
[PlyCount "102"]

1. e4 e5 2. Nf3 Nc6 3. Bc4 Nf6 4. d3 Be7 5. O-O O-O 6. a4 d6 7. Re1 h6 8. h3
Nh7 9. Nc3 Ng5 10. Nd5 Nxf3+ 11. Qxf3 Nd4 12. Qd1 c6 13. Nxe7+ Qxe7 14. c3 Ne6
15. d4 Qf6 16. dxe5 dxe5 17. Qh5 Nf4 18. Bxf4 exf4 19. Rad1 Be6 20. e5 Qe7 21.
Rd4 Rad8 22. Rxf4 Rd2 23. Re3 Qg5 24. Qf3 Qd8 25. b4 Bxc4 26. Rxc4 Re8 27. Rg4
Re6 28. Qf5 g6 29. Qf4 Kg7 30. h4 h5 31. Rgg3 Rd5 32. Re4 a5 33. Qe3 axb4 34.
cxb4 Qe7 35. Rg5 c5 36. f4 Kf8 37. b5 Ke8 38. Qb3 Qd7 39. f5 Rexe5 40. fxg6
Rd1+ 41. Kh2 Rxe4 42. gxf7+ Qxf7 43. Qxd1 Rxh4+ 44. Kg1 Qe6 45. Rg3 Qe5 46. Rf3
Re4 47. Rf1 c4 48. Qf3 Qd4+ 49. Kh2 Rh4+ 50. Kg3 Rg4+ 51. Kh2 Rh4+ 1/2-1/2